Statistics for Star Wars: The Phantom Quiz

Click here to take the quiz!

General Stats

  • This quiz has been taken 22 times
  • The average score is 23 of 28

Answer Stats

HintAnswer% Correct
What Color Lightsaber Does The Padawan Have?Blue
100%
Who Is The Sith?Darth Maul
100%
What Color Lightsaber Does The Master Have?Green
100%
Who Was The Person They First Meet At Naboo?Jar Jar Binks
100%
The Movie Starts Over What Planet?Naboo
100%
Who Is A Padawan?Obi Wan Kenobi
100%
Who Was The Master Of The Padawan?Qui Gon Jin
100%
How Old Is He?9
95%
The Little Boy Went Off To Become A ____Jedi
95%
Who Is The Queen Of Naboo?Padme Amidala
95%
His Midichlorian Count Was Higher Than Even Master ____Yoda
95%
What Little Boy Do They Meet?Anakin Skywalker
90%
What Droid Did The Little Boy Make?C-3PO
90%
What Planet Do The Good Guy's Go To Get New Parts?Tatooine
90%
Who Owns The Boy And His Mom?Watto
90%
And What Species Is That Person?Gungan
86%
And What Is All Over That Planet?Sand
86%
What Is The Little Boy Sometimes Referred As?The Chosen One
86%
Who Was The Cheater In That Race?Sebulba
81%
What Was The Name Of His Mother?Shmi Skywalker
81%
The Master Went To What Planet To Convince The Council That The Sith Are Back?Coruscant
76%
Finish The Quote: "The Ability To Speak Does Not Make You _________"Intelligent
76%
Who Was The Leader Of The Above?Boss Nass
67%
Who Is Her Captain?Panaka
67%
And What Is The Slave Owners' Species?Toydarian
62%
The Little Boy Raced In A Pod Racing Competition, But What Was The Name Of That Competition?The Boonta Eve Classic
43%
What Party Is Nute Gunray From?The Separatists
33%
Where Does The Above Take The Good Guys To Alert The Gungans?Otoh Gunga
29%

Score Distribution

Percentile by Number Answered

Percent of People with Each Score

Your Score History

You have not taken this quiz